00798nam a2200241 a 450000100060000000300080000600500170001400800410003102000310007203500190010304000320012204100080015408200260016210000190018824501330020726000390034030000340037950000200041365000270043365000190046065000340047983000430051353037BD-RjUL20211209075910.0161002s1987 enka b 001 0 eng  a019852210X c$22.50 (U.S.) a(BD-RjUL)53157 aDLCcDLCdDLCdBD-RjULbeng aeng00a519.535223bSTC 19871 aStone, Mervyn.10aCoordinate-free multivariable statistics :ban illustrated geometric progression from Halmos to Gauss and Bayes /cMervyn Stone. aOxford :bClarendon Press ;c1987. axiv, 120 p. :bill. ;c25 cm. aIncludes index. 0aMultivariate analysis. 0aVector spaces. 0aTransformations (Mathematics) aOxford statistical science series ;v2